[Event "Mineiro-ch"]
[Site "Belo Horizonte"]
[Date "2017.10.07"]
[Round "3"]
[White "Pacheco, Warley de Souza"]
[Black "De Oliveira, Andre Luis Carneiro"]
[Result "1-0"]
[WhiteElo "1847"]
[BlackElo "1830"]
[PlyCount "22"]
[EventDate "2017.10.07"]
[EventType "swiss"]
[EventRounds "5"]
[EventCountry "BRA"]
[SourceTitle "CBM 181 Extra"]
[Source "ChessBase"]
[SourceDate "2017.12.12"]
[SourceVersion "1"]
[SourceVersionDate "2017.12.12"]
[SourceQuality "1"]

1. Nf3 Nf6 2. c4 g6 3. d4 Bg7 4. Nc3 d5 5. cxd5 Nxd5 6. e3 c5 7. Bb5+ Nc6 8. 0-0 0-0 9. Nxd5 Qxd5 10. dxc5 Qxc5 11. Qa4 Bg4 1-0